000 00262nam a22001097a 4500
008 170125b xxu||||| |||| 00| 0 eng d
020 _a9780763754129
041 _aeng
080 _a618.2
245 _aPROFESSIONAL NURSING CONCEPTS
_cFINKELMAN, A
942 _2udc
_cBK
999 _c3616
_d3616